First aid manual / (Record no. 12104)
[ view plain ]
| 000 -LEADER | |
|---|---|
| fixed length control field | 00826nam a22002412 4500 |
| 001 - CONTROL NUMBER | |
| control field | 0000019723 |
| 005 - DATE AND TIME OF LATEST TRANSACTION | |
| control field | 20151217155226.0 |
| 008 - FIXED-LENGTH DATA ELEMENTS--GENERAL INFORMATION | |
| fixed length control field | 110122s xx 000 0 eng d |
| 020 ## - INTERNATIONAL STANDARD BOOK NUMBER | |
| International Standard Book Number | 1405335379 : |
| 040 ## - CATALOGING SOURCE | |
| Original cataloging agency | KABU |
| Transcribing agency | KABU |
| 110 2# - MAIN ENTRY--CORPORATE NAME | |
| Corporate name or jurisdiction name as entry element | St. John Ambulance. |
| -- | 0000179630 |
| 245 10 - TITLE STATEMENT | |
| Title | First aid manual / |
| Statement of responsibility, etc. | St. John Ambulance, St. Andrew's Ambulance Association, British Red Cross. |
| 250 ## - EDITION STATEMENT | |
| Edition statement | 9th ed. |
| 260 ## - PUBLICATION, DISTRIBUTION, ETC. (IMPRINT) | |
| Place of publication, distribution, etc. | London : |
| Name of publisher, distributor, etc. | Dorling Kindersley, |
| Date of publication, distribution, etc. | 2009. |
| 300 ## - PHYSICAL DESCRIPTION | |
| Extent | 288 p. |
| 650 #0 - SUBJECT ADDED ENTRY--TOPICAL TERM | |
| Topical term or geographic name as entry element | First aid in illness and injury. |
| -- | 0000155881 |
| 710 2# - ADDED ENTRY--CORPORATE NAME | |
| Corporate name or jurisdiction name as entry element | British RedCross. |
| -- | 0000179631 |
| 710 2# - ADDED ENTRY--CORPORATE NAME | |
| Corporate name or jurisdiction name as entry element | St. Andrew's Ambulance Association. |
| -- | 0000179632 |
| 852 1# - LOCATION | |
| -- | p1246 KES |
| 852 1# - LOCATION | |
| -- | p890 KES |
| 908 ## - PUT COMMAND PARAMETER (RLIN) | |
| Put command parameter | 110122 |
| 950 ## - LOCAL HOLDINGS (RLIN) | |
| -- | 1 |
| Withdrawn status | Lost status | Source of classification or shelving scheme | Not for loan | Home library | Current library | Date acquired | Total Checkouts | Total Renewals | Full call number | Barcode | Date last seen | Date last checked out | Price effective from | Koha item type |
|---|---|---|---|---|---|---|---|---|---|---|---|---|---|---|
| Library of Congress Classification | Kabarak, Main Campus | Kabarak, Main Campus | 17/12/2015 | 33 | 4 | RC87 .S35 2009 c. 2 | 22278 | 04/04/2024 | 03/04/2024 | 17/12/2015 | General Collection | |||
| Library of Congress Classification | Kabarak, Main Campus | Kabarak, Main Campus | 17/12/2015 | 3 | RC87 .S35 2009 c. 1 | 22899 | 02/12/2020 | 04/10/2016 | 17/12/2015 | General Collection |